| 000 | 01393cam a22003134a 4500 | ||
|---|---|---|---|
| 999 |
_c1310 _d1310 |
||
| 001 | 13444109 | ||
| 003 | GZU | ||
| 005 | 20201006120700.0 | ||
| 008 | 031224s2004 caua b 001 0 eng | ||
| 010 | _a 2003028071 | ||
| 020 | _a0761923594 (pbk.) | ||
| 040 |
_aDLC _cDLC _dDLC |
||
| 042 | _apcc | ||
| 050 | 0 | 0 |
_aH62 _b.SAG 2004 |
| 245 | 0 | 4 |
_aThe Sage handbook of quantitative methodology for the social sciences / _cDavid Kaplan, editor. |
| 260 |
_aThousand Oaks, Calif. : _bSage, _cc2004. |
||
| 300 |
_axiii, 511 p. : _bill. ; _c26 cm. |
||
| 504 | _aIncludes bibliographical references and indexes. | ||
| 650 | 0 |
_aSocial sciences _xResearch _xMethodology. |
|
| 650 | 0 |
_aSocial sciences _xMathematical models. |
|
| 700 | 1 |
_aKaplan, David, _d1955- _eeditor |
|
| 710 | 2 | _aSage Publications. | |
| 856 | 4 | 1 |
_3Table of contents only _uhttp://www.loc.gov/catdir/toc/ecip0412/2003028071.html |
| 856 | 4 | 2 |
_3Publisher description _uhttp://www.loc.gov/catdir/enhancements/fy0657/2003028071-d.html |
| 856 | 4 | 2 |
_3Contributor biographical information _uhttp://www.loc.gov/catdir/enhancements/fy0734/2003028071-b.html |
| 906 |
_a7 _bcbc _corignew _d1 _eecip _f20 _gy-gencatlg |
||
| 942 |
_2lcc _cBK _h62 _iSAG _kH |
||